00377nam a22001577a 450000500170000000800410001703700090005804000150006704100080008210000220009024500220011226000390013430000090017336500130018270000240019520260325100608.0260325b |||||||| |||| 00| 0 eng d cDSWL aDSWLcDSWL heng aRobert, A. Baron  aSocial Psychology aNoida,bPearson Publication,c2016 a481p aINRb579 aR. Branscombe Nyla